| 000 | 01179 a2200193 4500 | ||
|---|---|---|---|
| 020 | _a1853260223 (paperback) | ||
| 020 | _a9781853260223 (paperback) | ||
| 082 | 0 | 4 | _a822 |
| 090 |
_c4587 _d4587 |
||
| 100 | 1 | _aShakespeare, William. | |
| 245 | 1 | 0 |
_aJulius caesar / _cWilliam Shakespeare. |
| 260 |
_a[S.l.] : _bWordsworth Editions Ltd, _c1998. |
||
| 300 |
_a144 p. ; _c20 cm. |
||
| 490 | 1 | _aWordsworth classics. | |
| 520 | _aEdited, introduced and annotated by Cedric Watts, research Professor of English, University of Sussex Julius Caesar is among the best of Shakespeare's historical and political plays. Dealing with events surrounding the assassination of Julius Caesar in 44 B.C., the drama vividly illustrates the ways in which power and corruption are linked. The cry 'Peace, freedom and liberty!' is used to exculpate brutal realities, while personal ambitions taint public actions. Rich in characterisation and replete with eloquent rhetoric, Julius Caesar remains engrossing and topical: a play for today. | ||
| 830 | 0 | _aWordsworth classics. | |
| 856 | 4 | 0 |
_3Amazon.com _uhttp://www.amazon.com/exec/obidos/ASIN/1853260223/chopaconline-20 |
| 942 |
_aNBS _cBK _k822.3 SHA |
||
| 999 |
_c347029 _d347029 |
||